Importancia de la aplicación de modelos de regresión lineal en proyecciones de la cobertura boscosa (Registro nro. 2725)

Detalles MARC
000 -LEADER
campo de control de longitud fija 02787nam a22003497a 4500
001 - NÚMERO DE CONTROL
campo de control 42835
003 - IDENTIFICADOR DE NÚMERO DE CONTROL
campo de control gtgccic
005 - FECHA Y HORA DE LA ÚLTIMA TRANSACCIÓN
campo de control 20260316102055.0
007 - CAMPO FIJO DE DESCRIPCIÓN FÍSICA--INFORMACIÓN GENERAL
campo de control de longitud fija ta
008 - DATOS DE LONGITUD FIJA--INFORMACIÓN GENERAL
campo de control de longitud fija 260316b gt ||||| |||| 00| 0 spa d
040 ## - FUENTE DE CATALOGACIÓN
Centro catalogador/agencia de origen gtgccic
Lengua de catalogación spa
Centro/agencia transcriptor gtgccic
Normas de descripción rda
084 ## - OTRO NÚMERO DE CLASIFICACIÓN
Número de control del registro de autoridad o número normalizado TPI-18-0138
100 10 - ENTRADA PRINCIPAL--NOMBRE DE PERSONA
Nombre de persona Víctor Manuel Aceituno Melgar
Término indicativo de función/relación autor
Fechas asociadas al nombre Ingeniero Químico
245 10 - MENCIÓN DEL TÍTULO
Título Importancia de la aplicación de modelos de regresión lineal en proyecciones de la cobertura boscosa
Resto del título y de captura de CO2, para la venta de certificados de carbono en Guatemala, período 2017-2030 /
Mención de responsabilidad, etc. Aceituno Melgar, Víctor Manuel
264 #1 - PRODUCCIÓN, PUBLICACIÓN, DISTRIBUCIÓN, FABRICACIÓN Y COPYRIGHT
Producción, publicación, distribución, fabricación y copyright Guatemala :
Nombre del de productor, editor, distribuidor, fabricante USAC, Facultad de Ingeniería ;
Fecha de producción, publicación, distribución, fabricación o copyright 2018.-
300 ## - DESCRIPCIÓN FÍSICA
Extensión 86 p. :
Otras características físicas il. ;
Dimensiones 28 cm
336 ## - TIPO DE CONTENIDO
Fuente rdacontenido
Término de tipo de contenido Texto
Código de tipo de contenido txt
337 ## - TIPO DE MEDIO
Fuente rdamedio
Nombre/término del tipo de medio sin mediación
Código del tipo de medio n
338 ## - TIPO DE SOPORTE
Fuente rdasoporte
Nombre/término del tipo de soporte volumen
Código del tipo de soporte nc
502 ## - NOTA DE TESIS
Nota de tesis Tesis Postgrado
Tipo de título MAESTRO EN ARTES EN ESTADÍSITICA APLICADA
Nombre de la institución que otorga el título USAC, Facultad de Ingeniería, Escuela de Postgrado
Año de obtención del título 2018
Identificador de la tesis TPI-18-0138
504 ## - NOTA DE BIBLIOGRAFÍA, ETC.
Nota de bibliografía, etc. Nota Bibliografía pag. 65
505 ## - NOTA DE CONTENIDO CON FORMATO
Título 1. MARCO REFERENCIAL
505 ## - NOTA DE CONTENIDO CON FORMATO
Título 2. MARCO TEÓRICO (Bosques y deforestación)
505 ## - NOTA DE CONTENIDO CON FORMATO
Título 3. PRESENTACIÓN DE RESULTADOS
505 ## - NOTA DE CONTENIDO CON FORMATO
Título 4. DISCUSIÓN DE RESULTADOS
520 ## - RESUMEN, ETC.
Sumario, etc. Se estimó el potencial de la venta por certificados de carbono de Guatemala, a través de la fijación de CO2 obtenida por bosques conservados bajo el modelo de operaicón REDD+. Para lograrlo, se calcularon modelos de regresión, a través del método de mínimos cuadrados, con base en los inventarios de la cobertura forestal de Guatemala y por clase de bosque, obtenidos, a partir de los informes de la dinámica forestal del país durante el perído 1991-2012. Se estima que en 2030, el área cubierta por bosques en Guatemala disminuirá a 2.67x106 hectáreas, de las cuales el 58.6% serán cubiertas con bosques latifoliados el 25.4 % con bosques de coníferas y el 16 % con bosques mixtos.<br/>Asimismo, se calculó un modelo lineal generalizado con esquema AR(1) del área reforestada acumulada en el país de acuerdo a los registros oficiales del PINFOR durante el período 1998-2016. Este modelo permitió resolver el problema de la autocorrelación serial y la heterocedasticidad de los residuos de un modelo regresión lineal. Se estima que de mantenierse esa tendencia, para 2030 se habrán reforestado 239,154 hectáreas (7,119 hectáreas/año) con costo promedio de Q.14,362/hectárea, determinándose que la tasa actual es insuficiente para compensar la pérdida de cobertura boscosa al año 2030, para lograrlo se debe reforestar a una tasa mínima de 43,806 hectáreas/año.
650 ## - PUNTO DE ACCESO ADICIONAL DE MATERIA--TÉRMINO DE MATERIA
Término de materia o nombre geográfico como elemento de entrada ANÁLISIS DE REGRESIÓN
650 ## - PUNTO DE ACCESO ADICIONAL DE MATERIA--TÉRMINO DE MATERIA
Término de materia o nombre geográfico como elemento de entrada CAPTURA DE CARBONO
700 ## - ENTRADA AGREGADA--NOMBRE PERSONAL
Nombre de persona Mtro. Víctor Manuel Aceituno Quezada
Término indicativo de función/relación asesor
942 ## - ELEMENTOS DE ENTRADA SECUNDARIOS (KOHA)
Fuente de la clasificación o esquema de estantería Clasificación Decimal Dewey
Tipo de ítem Koha TESISPOSTGRADO
945 ## - PROCESAMIENTO DE INFORMACIÓN LOCAL (OCLC)
a amlo
Existencias
Estatus retirado Estado de pérdida Fuente de la clasificación o esquema de estantería Estado de daño No para préstamo Biblioteca de origen Biblioteca actual Fecha de adquisición Número de inventario Total de préstamos Signatura topográfica completa Código de barras Visto por última vez Precio de reemplazo Tipo de ítem Koha Nota pública
    Clasificación Decimal Dewey     CENTRO DE INFORMACIÓN A LA CONSTRUCCIÓN-CICON CENTRO DE INFORMACIÓN A LA CONSTRUCCIÓN-CICON 16/03/2026 P20180138   TPI-18-0138 20180138 16/03/2026 16/03/2026 TESISPOSTGRADO disponible